000 00303nam a22001337a 4500
008 170817b xxu||||| |||| 00| 0 eng d
020 _a020105292-X
041 _aeng
080 _23RD
_a51
100 _a36
101 _aMAT
245 _aMATHEMATICS AS A SECOND LANGUAGE
_cNEWMARK,J
942 _2udc
_cBK
999 _c23974
_d23974